000 00618nam a2200253Ia 4500
005 20260121154843.0
008 008 260114s9999 xx 000 0 eng d
020 _a9781003108313
037 _aEBOOK
040 _aCRL
040 _beng
040 _cCRL
041 _2eng
041 _aeng
084 _qCRL
100 _a Ahron Friedberg; Sandra Sherman
_91012306
245 0 _aPsychotherapy and Personal Change
260 _bTaylor and Francis
260 _c2021
856 _uhttp://www.taylorfrancis.com/books/9781003108313
942 _cEBOOK
999 _c1579125
_d1579125